00302 2200133 4500001002100000005001500021035002000036245004300056300000800099260002900107082000800136084001200144990001200156INLIS00000000000214620250527113626 a0010-0525000438 aBelajar Bahasa Korea /cNeni Widiyanti a119 bPustaka Widyatama,c2005 a490 a490 BEL a0713240